00649nam a2200157 a 450000100100000000500170001000800410002704000250006808200140009310000310010724500970013824600690023526001160030430000360042050000350045600002833120200930031540.0110408s1990 dr 000 0 spa d aDO-SdBNPbspacBNPHU axxxxbQ591 aQuezada Ponceano, Julián10a1er año de gestión municipal periodo 86-90 :bobra cumbre /cJulián Quezada Ponceano,.10aPrimer año de gestión municipal periodo 86-90 :bobra cumbre aSabana Grande de Boyá, República Dominicana :bAyuntamiento municipal de Sabana Grande de Boyá,c[1990?]. a91 cm. :bil., retrs. ;c21 cm. aTítulo tomado de la cubierta